[Event "Chigorin Memorial 2008"]
[Site "St. Petersburg RUS"]
[Date "2008.10.07"]
[Round "5.12"]
[White "Kislinsky, Alexey"]
[Black "Ponfilenok, Vladimir"]
[Result "1-0"]
[WhiteElo "2492"]
[BlackElo "2440"]
[PlyCount "85"]
[EventDate "2008.10.03"]
[EventType "swiss"]
[EventRounds "9"]
[EventCountry "RUS"]
[Source "lmi"]
[SourceDate "2008.10.03"]

1. e4 e6 2. d3 d5 3. Qe2 Nf6 4. Nf3 Nc6 5. c3 e5 6. b4 a6 7. a3 Bg4 8. Nbd2 Bd6
9. h3 Bh5 10. g4 Bg6 11. Bg2 O-O 12. O-O Re8 13. Bb2 a5 14. b5 Nb8 15. c4 d4
16. Nh4 c5 17. Nf5 Bc7 18. h4 h6 19. Bc1 Nbd7 20. Bh3 Nf8 21. Nf3 Ne6 22. Kh1
h5 23. Nh2 Nf4 24. Bxf4 exf4 25. Rg1 hxg4 26. Bxg4 Nxg4 27. Qxg4 Qf6 28. Nf3
Bxf5 29. exf5 Qh6 30. Rg2 Bd8 31. Rag1 Bf6 32. Qh3 Re2 33. Nh2 Kf8 34. Qf3 Rae8
35. Ng4 Qh5 36. Qxf4 Bxh4 37. Rh2 Qg5 38. Qd6+ Kg8 39. Nh6+ gxh6 40. Qxh6 Re1
41. Rhg2 Rxg1+ 42. Rxg1 f6 43. Qxh4 1-0

[Event "Chigorin Memorial 2008"]
[Site "St. Petersburg RUS"]
[Date "2008.10.07"]
[Round "5.13"]
[White "Levin, Evgeny A"]
[Black "Slugin, Sergey"]
[Result "1/2-1/2"]
[WhiteElo "2487"]
[BlackElo "2431"]
[PlyCount "57"]
[EventDate "2008.10.03"]
[EventType "swiss"]
[EventRounds "9"]
[EventCountry "RUS"]
[Source "lmi"]
[SourceDate "2008.10.03"]

1. d4 d5 2. c4 c6 3. Nf3 Nf6 4. e3 e6 5. Nbd2 Nbd7 6. Bd3 Bd6 7. O-O O-O 8. e4
e5 9. cxd5 cxd5 10. exd5 exd4 11. Ne4 Nxe4 12. Bxe4 Nf6 13. Qxd4 Nxe4 14. Qxe4
Re8 15. Qd4 Bf5 16. Bg5 Qa5 17. Bd2 Qb5 18. Bc3 f6 19. Rfe1 a6 20. Nh4 Bd7 21.
Nf3 Bf5 22. a3 Rad8 23. Rad1 Bc2 24. Rd2 Rxe1+ 25. Nxe1 Bg6 26. Nf3 Bf7 27. Qg4
Qd7 28. Qd4 Qf5 29. Nh4 1/2-1/2

[Event "Chigorin Memorial 2008"]
[Site "St. Petersburg RUS"]
[Date "2008.10.07"]
[Round "5.14"]
[White "Shaposhnikov, Evgeny"]
[Black "Trushelyov, Viktor"]
[Result "0-1"]
[WhiteElo "2558"]
[BlackElo "2340"]
[PlyCount "166"]
[EventDate "2008.10.03"]
[EventType "swiss"]
[EventRounds "9"]
[EventCountry "RUS"]
[Source "lmi"]
[SourceDate "2008.10.03"]

1. d4 Nf6 2. c4 e6 3. Nc3 Bb4 4. Qc2 O-O 5. e4 d5 6. e5 Ne4 7. Bd3 c5 8. a3
Bxc3+ 9. bxc3 cxd4 10. cxd4 Nc6 11. Ne2 Qa5+ 12. Kf1 Nb4 13. axb4 Qxa1 14. f3
f5 15. Kg1 dxc4 16. Bxc4 Bd7 17. fxe4 Rac8 18. Kf2 Qa6 19. Bxa6 Rxc2 20. Bxb7
Bb5 21. exf5 Rxe2+ 22. Kg3 Rxf5 23. Bf3 Rc2 24. Bg4 Rc3+ 25. Kh4 Rf2 26. Bxe6+
Kh8 27. Bd5 Bf1 28. Bb2 Rd3 29. Bc4 Rxb2 30. Rxf1 Rxd4+ 31. Kh3 g6 32. e6 Re4
33. Bd5 Re3+ 34. g3 Rxb4 35. Rf8+ Kg7 36. Rf7+ Kh6 37. Rxa7 Rd4 38. Rd7 Rd2 39.
Bc4 Rc2 40. Rd4 Re5 41. Rh4+ Kg5 42. Rg4+ Kf6 43. Rf4+ Rf5 44. Rxf5+ gxf5 45.
Bd5 h6 46. Bb3 Rb2 47. Bc4 Ke7 48. Bd5 Kd6 49. Bc4 Rd2 50. Bb3 Rf2 51. Bc4 Rb2
52. Ba6 Kxe6 53. Bc8+ Ke5 54. Bd7 Ke4 55. Bc6+ Ke3 56. Bd7 Rf2 57. Be6 Ke2 58.
Bc4+ Ke1 59. Ba6 Kd2 60. Bb5 Ke3 61. Bd7 Ke4 62. Bc6+ Ke5 63. Bd7 Rd2 64. Bc6
Kd4 65. Bd7 Ke4 66. Be6 Rd6 67. Bc8 Rd8 68. Be6 Ke5 69. Bc4 Rd2 70. Ba6 Kf6 71.
Bc8 Kg5 72. Ba6 Rb2 73. Bc4 h5 74. Bd5 Rc2 75. Bf3 Rc3 76. Kg2 h4 77. Bd1 Rd3
78. Bf3 h3+ 79. Kf2 f4 80. Ke2 Rb3 81. Kf2 Rd3 82. Be4 fxg3+ 83. hxg3 Rd1 0-1

[Event "Chigorin Memorial 2008"]
[Site "St. Petersburg RUS"]
[Date "2008.10.07"]
[Round "5.15"]
[White "Kirusha, Andrey"]
[Black "Burmakin, Vladimir"]
[Result "1-0"]
[WhiteElo "2373"]
[BlackElo "2625"]
[PlyCount "133"]
[EventDate "2008.10.03"]
[EventType "swiss"]
[EventRounds "9"]
[EventCountry "RUS"]
[Source "lmi"]
[SourceDate "2008.10.03"]

1. e4 c6 2. d4 d5 3. Nc3 g6 4. h3 Bg7 5. Nf3 Nh6 6. Bd3 O-O 7. O-O dxe4 8. Nxe4
Nf5 9. c3 Nd6 10. Re1 Nxe4 11. Bxe4 Nd7 12. Bg5 Nf6 13. Bd3 Be6 14. Qd2 Bd5 15.
Ne5 Qb6 16. Bxf6 Bxf6 17. Nd7 Qc7 18. Nxf8 Rxf8 19. Qe2 Be6 20. Bc4 Bd7 21.
Rad1 Qd6 22. a4 e6 23. Qf3 Bd8 24. g3 Bc7 25. Bf1 Bc8 26. c4 Ba5 27. c5 Qd8 28.
Re2 Bb4 29. Qb3 a5 30. Re5 Qf6 31. Qe3 Bd7 32. h4 h5 33. Bc4 Rb8 34. Qe4 Rd8
35. Rd3 Bc8 36. Rf3 Qe7 37. Qf4 Kg7 38. Re2 Kg8 39. Qe5 Qd7 40. Qg5 Re8 41. Re4
Qe7 42. Qh6 Qf8 43. Qf4 Qe7 44. Qe3 Kg7 45. Ref4 f5 46. Qe2 e5 47. dxe5 Bxc5
48. e6 Bxe6 49. Qe5+ Kh7 50. Bxe6 Bd6 51. Bg8+ Kxg8 52. Qxe7 Rxe7 53. Rd4 Be5
54. Re3 Kf7 55. Rd2 f4 56. Rf3 Bc7 57. gxf4 Kf6 58. Rd4 Bb6 59. Rd6+ Kf5 60.
Kg2 Bc5 61. Rd8 Re4 62. b3 Rb4 63. Rd7 Ke6 64. Rdd3 Kf5 65. Rc3 Be7 66. Kg3 Rd4
67. Rcd3 1-0

[Event "Chigorin Memorial 2008"]
[Site "St. Petersburg RUS"]
[Date "2008.10.07"]
[Round "5.17"]
[White "Khakimov, Timur"]
[Black "Yakovich, Yuri"]
[Result "0-1"]
[WhiteElo "2310"]
[BlackElo "2567"]
[PlyCount "54"]
[EventDate "2008.10.03"]
[EventType "swiss"]
[EventRounds "9"]
[EventCountry "RUS"]
[Source "lmi"]
[SourceDate "2008.10.03"]

1. d4 Nf6 2. c4 e6 3. Nf3 c5 4. d5 d6 5. Nc3 exd5 6. cxd5 g6 7. Qa4+ Nbd7 8. e4
Bg7 9. Bf4 O-O 10. Be2 a6 11. Nd2 b5 12. Qc2 Qe7 13. O-O Nb6 14. a4 b4 15. Nd1
Nbxd5 16. Bxd6 Qxd6 17. exd5 Bf5 18. Qc1 Nxd5 19. Nc4 Qe6 20. Nce3 Nf4 21. Bc4
Bd3 22. Bxd3 Nxd3 23. Qc2 Rad8 24. Nc4 Ne1 25. Qc1 Qe2 26. Nde3 Nd3 27. Qb1 Bd4
0-1

[Event "Chigorin Memorial 2008"]
[Site "St. Petersburg RUS"]
[Date "2008.10.07"]
[Round "5.21"]
[White "Melnikov, Dmitry"]
[Black "Loginov, Valery A"]
[Result "1/2-1/2"]
[WhiteElo "2280"]
[BlackElo "2481"]
[PlyCount "124"]
[EventDate "2008.10.03"]
[EventType "swiss"]
[EventRounds "9"]
[EventCountry "RUS"]
[Source "lmi"]
[SourceDate "2008.10.03"]

1. f4 c5 2. Nf3 Nc6 3. g3 g6 4. Bg2 Bg7 5. O-O d5 6. d3 Nf6 7. Qe1 O-O 8. e4
dxe4 9. dxe4 e5 10. Nc3 Nd4 11. Qd2 Nxf3+ 12. Rxf3 Qd4+ 13. Kh1 Qxd2 14. Bxd2
Rd8 15. fxe5 Ng4 16. Bg5 Rd4 17. Nb5 Rb4 18. Nc7 Rb8 19. Rd1 Rd4 20. Rxd4 cxd4
21. Nb5 Nxe5 22. Rf1 d3 23. cxd3 Nxd3 24. Be3 Bd7 25. Nd6 Be6 26. b3 b6 27. Nb5
Nb4 28. Nxa7 Nxa2 29. Nc6 Re8 30. b4 Bc4 31. Rd1 b5 32. Bc5 Nc3 33. Rd7 h5 34.
h3 Be6 35. Rc7 Kh7 36. e5 Bc4 37. Bd6 Nd1 38. Kh2 Ne3 39. Be4 Nf1+ 40. Kg2 Nd2
41. Bc2 Bd5+ 42. Kf2 Nc4 43. Bd3 Ra8 44. Bxc4 Bxc4 45. Ra7 Rxa7 46. Nxa7 Bh6
47. h4 Bd2 48. Nc6 g5 49. hxg5 Bxg5 50. Nd4 Kg6 51. Nf3 Bd8 52. Nd2 Be6 53. Nf3
Kf5 54. Nd4+ Ke4 55. Nxb5 h4 56. gxh4 Bxh4+ 57. Kg2 Be1 58. Nc7 Bc8 59. b5 Bc3
60. Na6 Bxe5 61. Nc5+ Kd5 62. Bxe5 Kxc5 1/2-1/2

[Event "Chigorin Memorial 2008"]
[Site "St. Petersburg RUS"]
[Date "2008.10.07"]
[Round "5.22"]
[White "Alavkin, Arseny"]
[Black "Goganov, Aleksey"]
[Result "0-1"]
[WhiteElo "2476"]
[BlackElo "2356"]
[PlyCount "122"]
[EventDate "2008.10.03"]
[EventType "swiss"]
[EventRounds "9"]
[EventCountry "RUS"]
[Source "lmi"]
[SourceDate "2008.10.03"]

1. e4 e5 2. Nf3 Nc6 3. Bb5 a6 4. Ba4 Nf6 5. O-O Be7 6. Re1 b5 7. Bb3 O-O 8. h3
d6 9. c3 Na5 10. Bc2 c5 11. d3 Nc6 12. Nbd2 Re8 13. Nf1 Bf8 14. Ne3 h6 15. Nh2
Be6 16. Nhg4 Nxg4 17. hxg4 g6 18. Nf5 gxf5 19. gxf5 Bd7 20. Qg4+ Kh7 21. Qh5
Qf6 22. Re3 Ne7 23. Rf3 d5 24. g4 dxe4 25. dxe4 Qg7 26. Bxh6 Qxh6 27. Qxf7+ Kh8
28. Kg2 Nxf5 29. Rh1 Nh4+ 30. Rxh4 Qxh4 31. Rh3 Qxh3+ 32. Kxh3 Be6 33. Qg6 Bg7
34. Kg3 Rad8 35. f4 exf4+ 36. Kxf4 Kg8 37. g5 Re7 38. Ke3 a5 39. Qh5 b4 40. Bd1
bxc3 41. bxc3 Bxc3 42. Bg4 Bd4+ 43. Kf4 Bxg4 44. Kxg4 c4 45. Qg6+ Bg7 46. Qc6
c3 47. Kh5 Rde8 48. e5 Bxe5 49. a4 Rd8 50. Qc5 Rdd7 51. Qc8+ Kg7 52. Qc6 Rc7
53. Qg6+ Kh8 54. Qc2 Rg7 55. g6 Rge7 56. Kh6 Bf4+ 57. Kh5 Kg7 58. Kg4 Be5 59.
Kh5 Bf6 60. Kg4 Red7 61. Kh5 Rd4 0-1

[Event "Chigorin Memorial 2008"]
[Site "St. Petersburg RUS"]
[Date "2008.10.07"]
[Round "5.23"]
[White "Pogosian, Manvel"]
[Black "Shimanov, Aleksandr"]
[Result "0-1"]
[WhiteElo "2256"]
[BlackElo "2476"]
[PlyCount "124"]
[EventDate "2008.10.03"]
[EventType "swiss"]
[EventRounds "9"]
[EventCountry "RUS"]
[Source "lmi"]
[SourceDate "2008.10.03"]

1. d4 g6 2. c4 Bg7 3. Nc3 Nf6 4. g3 O-O 5. Bg2 d6 6. Nf3 Nbd7 7. O-O e5 8. e4
exd4 9. Nxd4 Re8 10. h3 Nc5 11. Re1 Bd7 12. b3 a6 13. Bb2 Rb8 14. Qc2 Qc8 15.
Kh2 Re5 16. Nde2 c6 17. b4 Ne6 18. Na4 Rh5 19. Nb6 Qc7 20. Nxd7 Nxd7 21. Bxg7
Kxg7 22. f4 g5 23. Qc3+ Kg8 24. Rad1 Rd8 25. Qd2 Nf6 26. Nd4 Qb6 27. Bf3 g4 28.
Bg2 Rd7 29. h4 Nxd4 30. Qxd4 Qxd4 31. Rxd4 c5 32. bxc5 Rxc5 33. Red1 Re7 34.
Re1 Rd7 35. Rb1 Kf8 36. Bf1 Ke7 37. Rb2 Rdc7 38. Kg1 Nd7 39. Be2 h5 40. Kf2 Ra5
41. Bd1 Nc5 42. Bb3 Ra3 43. Ke3 a5 44. Kf2 a4 45. Bc2 Rc3 46. Bb1 a3 47. Re2
Ne6 48. Rd5 R7xc4 49. e5 dxe5 50. Rdxe5 Kf6 51. Rf5+ Kg7 52. Rxh5 Rf3+ 53. Kg2
Rcc3 54. Rh7+ Kg8 55. Be4 Rxg3+ 56. Kh2 Rh3+ 57. Kg1 Rc1+ 58. Kf2 Rh2+ 59. Ke3
Rxe2+ 60. Kxe2 Nxf4+ 61. Kd2 Rc4 62. Bb1 g3 0-1

[Event "Chigorin Memorial 2008"]
[Site "St. Petersburg RUS"]
[Date "2008.10.07"]
[Round "5.24"]
[White "Balakirev, Ilya"]
[Black "Lanin, Alexsej"]
[Result "1/2-1/2"]
[WhiteElo "2243"]
[BlackElo "2465"]
[PlyCount "91"]
[EventDate "2008.10.03"]
[EventType "swiss"]
[EventRounds "9"]
[EventCountry "RUS"]
[Source "lmi"]
[SourceDate "2008.10.03"]

1. e4 c5 2. Nf3 d6 3. d4 cxd4 4. Nxd4 Nf6 5. Nc3 a6 6. Bc4 e6 7. Bb3 Nbd7 8. f4
Qc7 9. Qe2 Nc5 10. e5 dxe5 11. fxe5 Nfd7 12. Bf4 Be7 13. O-O O-O 14. Nf5 exf5
15. e6 Qd8 16. exd7 Bxd7 17. Nd5 Ne6 18. Nxe7+ Qxe7 19. Rad1 Rfe8 20. Bd6 Qf6
21. Be5 Nc5 22. Rfe1 Qg6 23. Qf2 Rac8 24. Re3 Qh5 25. Qf1 Qh6 26. Rh3 Qb6 27.
Bd4 Qc7 28. Rc3 b6 29. Bxc5 bxc5 30. Qxa6 Bc6 31. Qc4 Be4 32. Re3 Qb7 33. Ba4
Red8 34. Ree1 Qxb2 35. Bb3 Qf6 36. Rxd8+ Rxd8 37. Qxc5 Qg5 38. g3 Qd2 39. Qf2
Qb4 40. Qe3 Rd2 41. c3 Qd6 42. Re2 Rxe2 43. Qxe2 Qc5+ 44. Kf1 Qxc3 45. Kf2 g6
46. Qe3 1/2-1/2

[Event "Chigorin Memorial 2008"]
[Site "St. Petersburg RUS"]
[Date "2008.10.07"]
[Round "5.25"]
[White "Mikkelsen, Nikolaj"]
[Black "Solovjova, Valentina"]
[Result "1/2-1/2"]
[WhiteElo "2441"]
[BlackElo "2303"]
[PlyCount "68"]
[EventDate "2008.10.03"]
[EventType "swiss"]
[EventRounds "9"]
[EventCountry "RUS"]
[Source "lmi"]
[SourceDate "2008.10.03"]

1. e4 c6 2. d4 d5 3. Nd2 dxe4 4. Nxe4 Bf5 5. Ng3 Bg6 6. Nh3 Nf6 7. Nf4 e5 8.
Nxg6 hxg6 9. dxe5 Qa5+ 10. Bd2 Qxe5+ 11. Qe2 Qxe2+ 12. Bxe2 Nbd7 13. O-O-O Bc5
14. f4 Nb6 15. f5 gxf5 16. Nxf5 O-O-O 17. Bf3 Rh7 18. Bf4 Rxd1+ 19. Rxd1 Nbd5
20. Nd6+ Kc7 21. Ne8+ Kc8 22. Nxf6 Nxf6 23. g4 Rh3 24. Bg2 Rh4 25. h3 Bb6 26.
Re1 Nd5 27. Bg5 Rh8 28. c4 Nc7 29. Bf4 Ne6 30. Bg3 Bc7 31. Bf2 Bb6 32. Bg3 Bc7
33. Bf2 Bb6 34. Bg3 Bc7 1/2-1/2

[Event "Chigorin Memorial 2008"]
[Site "St. Petersburg RUS"]
[Date "2008.10.07"]
[Round "5.27"]
[White "Korchagina, Viktoria"]
[Black "Solovjov, Sergey I"]
[Result "1/2-1/2"]
[WhiteElo "2176"]
[BlackElo "2419"]
[PlyCount "82"]
[EventDate "2008.10.03"]
[EventType "swiss"]
[EventRounds "9"]
[EventCountry "RUS"]
[Source "lmi"]
[SourceDate "2008.10.03"]

1. e4 c5 2. Nf3 d6 3. d4 cxd4 4. Nxd4 Nf6 5. Nc3 a6 6. Be2 g6 7. Be3 Bg7 8. f3
Nc6 9. Qd2 O-O 10. O-O-O d5 11. Nxc6 bxc6 12. exd5 cxd5 13. Nxd5 Nxd5 14. Qxd5
Qc7 15. Qc4 Qe5 16. Bd4 Qg5+ 17. Kb1 Be6 18. Qc5 Qxg2 19. Bxg7 Kxg7 20. Qe5+
Kg8 21. h4 Rad8 22. h5 Rd5 23. Rxd5 Qxh1+ 24. Rd1 Qxh5 25. Qxh5 gxh5 26. Bxa6
Ra8 27. Bb7 Bxa2+ 28. Kc1 Ra7 29. Bd5 Bxd5 30. Rxd5 Ra1+ 31. Kd2 h4 32. Rh5 Rh1
33. c4 h3 34. c5 Kf8 35. Kc3 Ke8 36. Kb4 Kd7 37. Kb5 Kc7 38. b4 h2 39. Rxh7 Kd7
40. Rh6 Kc7 41. Rc6+ Kd7 1/2-1/2

[Event "Chigorin Memorial 2008"]
[Site "St. Petersburg RUS"]
[Date "2008.10.07"]
[Round "5.29"]
[White "Serov, Maksim"]
[Black "Duzhakov, Ilya"]
[Result "0-1"]
[WhiteElo "2378"]
[BlackElo "2276"]
[PlyCount "48"]
[EventDate "2008.10.03"]
[EventType "swiss"]
[EventRounds "9"]
[EventCountry "RUS"]
[Source "lmi"]
[SourceDate "2008.10.03"]

1. c4 Nf6 2. Nc3 e6 3. e4 d5 4. cxd5 exd5 5. e5 d4 6. exf6 dxc3 7. fxg7 cxd2+
8. Bxd2 Bxg7 9. Qc2 Qe7+ 10. Ne2 O-O 11. O-O-O Nc6 12. Bc3 Nb4 13. Qa4 Bh6+ 14.
f4 Qe3+ 15. Rd2 Nd3+ 16. Kb1 Nf2 17. Rg1 Ne4 18. Rc2 Bf5 19. Bd4 Qd3 20. Kc1
Rfd8 21. g4 Bg6 22. Qc4 Rxd4 23. Qxd4 Bxf4+ 24. Kb1 Nc3+ 0-1

[Event "Chigorin Memorial 2008"]
[Site "St. Petersburg RUS"]
[Date "2008.10.07"]
[Round "5.31"]
[White "Bronnikova, Elizaveta"]
[Black "Gladyszev, Oleg"]
[Result "1/2-1/2"]
[WhiteElo "2293"]
[BlackElo "2448"]
[PlyCount "76"]
[EventDate "2008.10.03"]
[EventType "swiss"]
[EventRounds "9"]
[EventCountry "RUS"]
[Source "lmi"]
[SourceDate "2008.10.03"]

1. e4 c5 2. Nf3 Nc6 3. d4 cxd4 4. Nxd4 Nf6 5. Nc3 e5 6. Ndb5 d6 7. Bg5 a6 8.
Na3 b5 9. Nd5 Be7 10. Bxf6 Bxf6 11. c4 b4 12. Nc2 a5 13. g3 O-O 14. Bg2 Be6 15.
h4 Bxd5 16. cxd5 Nd4 17. Nxd4 exd4 18. Rc1 Rc8 19. Rc6 Rxc6 20. dxc6 Qb6 21.
O-O Be7 22. Qc2 Rc8 23. e5 dxe5 24. Qf5 Qc7 25. Bd5 Rf8 26. Re1 Bd6 27. h5 Qd8
28. Kg2 Qf6 29. Qxf6 gxf6 30. Be4 h6 31. Rc1 Bc7 32. Kf3 Rd8 33. Ke2 Kf8 34.
Kd3 Ke7 35. Rc5 Kd6 36. Rd5+ Ke6 37. Rxd8 Bxd8 38. g4 Kd6 1/2-1/2

[Event "Chigorin Memorial 2008"]
[Site "St. Petersburg RUS"]
[Date "2008.10.07"]
[Round "5.32"]
[White "Ivanov, Alexey"]
[Black "Yankovsky, Roman"]
[Result "1/2-1/2"]
[WhiteElo "2431"]
[BlackElo "2255"]
[PlyCount "54"]
[EventDate "2008.10.03"]
[EventType "swiss"]
[EventRounds "9"]
[EventCountry "RUS"]
[Source "lmi"]
[SourceDate "2008.10.03"]

1. e4 e6 2. d4 d5 3. Nc3 Bb4 4. Bd3 dxe4 5. Bxe4 Nf6 6. Bd3 O-O 7. Nf3 b6 8. a3
Be7 9. O-O Bb7 10. Bg5 Nbd7 11. Ne5 Nxe5 12. dxe5 Nd5 13. Bxe7 Nxe7 14. Qh5 Ng6
15. Rad1 Qe7 16. f4 Rad8 17. Rde1 Qc5+ 18. Kh1 f5 19. h3 Ne7 20. Kh2 Nd5 21.
Nxd5 Bxd5 22. Qe2 Rf7 23. Rd1 Rfd7 24. Bb5 Bc6 25. Rxd7 Rxd7 26. Bxc6 Qxc6 27.
Rd1 Kf8 1/2-1/2

[Event "Chigorin Memorial 2008"]
[Site "St. Petersburg RUS"]
[Date "2008.10.07"]
[Round "5.33"]
[White "Shchukin, Dmitry"]
[Black "Fedoseev, Sergey"]
[Result "1-0"]
[WhiteElo "2357"]
[BlackElo "2193"]
[PlyCount "89"]
[EventDate "2008.10.03"]
[EventType "swiss"]
[EventRounds "9"]
[EventCountry "RUS"]
[Source "lmi"]
[SourceDate "2008.10.03"]

1. e4 c5 2. Nf3 Nc6 3. d4 cxd4 4. Nxd4 e5 5. Nb5 a6 6. Nd6+ Bxd6 7. Qxd6 Qf6 8.
Qa3 Qg6 9. Be3 Nge7 10. Nc3 O-O 11. O-O-O b5 12. Bxb5 axb5 13. Qxa8 d5 14. Nxd5
Nxd5 15. Rxd5 Qxg2 16. Rhd1 Nd4 17. Bxd4 exd4 18. R5xd4 h5 19. Qb8 Bg4 20. Qg3
Qxg3 21. fxg3 Bxd1 22. Kxd1 f5 23. exf5 Rxf5 24. Ke2 Kh7 25. a4 bxa4 26. Rxa4
g5 27. Re4 Rb5 28. b4 Kg6 29. h3 Kf5 30. Ke3 g4 31. hxg4+ hxg4 32. Rf4+ Kg5 33.
Rc4 Re5+ 34. Re4 Rf5 35. Kd4 Rf3 36. Re3 Rf2 37. c4 Rd2+ 38. Kc3 Rd1 39. c5
Rc1+ 40. Kd4 Rd1+ 41. Kc4 Rc1+ 42. Rc3 Re1 43. c6 Kf6 44. c7 Re8 45. Kd5 1-0

[Event "Chigorin Memorial 2008"]
[Site "St. Petersburg RUS"]
[Date "2008.10.07"]
[Round "5.36"]
[White "Molchanova, Tatjana"]
[Black "Nuretdinov, Igor"]
[Result "1-0"]
[WhiteElo "2337"]
[BlackElo "2174"]
[PlyCount "69"]
[EventDate "2008.10.03"]
[EventType "swiss"]
[EventRounds "9"]
[EventCountry "RUS"]
[Source "lmi"]
[SourceDate "2008.10.03"]

1. e4 e6 2. d4 d5 3. Nc3 Bb4 4. exd5 exd5 5. Bd3 Nc6 6. a3 Bxc3+ 7. bxc3 Nge7
8. Qf3 Be6 9. Rb1 b6 10. Nh3 Bxh3 11. Qxh3 Qd7 12. Qf3 Qe6+ 13. Be3 h5 14. O-O
Qg4 15. Qxg4 hxg4 16. c4 O-O-O 17. c3 Kb8 18. f3 dxc4 19. Bxc4 Nf5 20. Bf4 g3
21. hxg3 f6 22. g4 Nd6 23. Ba2 Na5 24. a4 g5 25. Bg3 Kb7 26. Rfe1 Rhe8 27. Kf2
Ka6 28. Be6 Nab7 29. f4 Rf8 30. Kf3 c5 31. f5 c4 32. Rb4 Ka5 33. Bd5 a6 34. Re6
Nxf5 35. gxf5 1-0

[Event "Chigorin Memorial 2008"]
[Site "St. Petersburg RUS"]
[Date "2008.10.07"]
[Round "5.40"]
[White "Frolochkin, Vladimir"]
[Black "Kuzmin, Yuriy"]
[Result "1-0"]
[WhiteElo "2323"]
[BlackElo "2122"]
[PlyCount "109"]
[EventDate "2008.10.03"]
[EventType "swiss"]
[EventRounds "9"]
[EventCountry "RUS"]
[Source "lmi"]
[SourceDate "2008.10.03"]

1. e4 e5 2. Nf3 Nc6 3. Bc4 Be7 4. O-O d6 5. c3 Nf6 6. d3 O-O 7. Bb3 Bg4 8. h3
Bh5 9. Re1 Nd7 10. Nbd2 Nc5 11. Bc2 Ne6 12. Nf1 Bxf3 13. Qxf3 Bg5 14. Ne3 g6
15. Bb3 Nc5 16. Bc2 Ne6 17. g3 Qf6 18. Qxf6 Bxf6 19. Nd5 Bg5 20. f4 exf4 21.
gxf4 Bd8 22. d4 Nb8 23. f5 Ng7 24. Bh6 Re8 25. Rf1 Nd7 26. Rae1 c6 27. Ne3 Bh4
28. Re2 d5 29. exd5 cxd5 30. Rg2 Nb6 31. Ng4 Nc4 32. b3 Nd6 33. Ne3 Rxe3 34.
Bxe3 Re8 35. Bc1 Bd8 36. Bd3 a6 37. c4 dxc4 38. bxc4 Ba5 39. fxg6 hxg6 40. Bf4
Ndf5 41. d5 Bb6+ 42. Kh1 Bc5 43. Re2 Rd8 44. Bh2 b6 45. Rb1 a5 46. Reb2 Re8 47.
Bg1 Nd4 48. Rd1 Nh5 49. d6 Rd8 50. Bxg6 fxg6 51. Bxd4 Rxd6 52. Rbd2 Ng3+ 53.
Kg2 Ne4 54. Rd3 Re6 55. Re3 1-0

[Event "Chigorin Memorial 2008"]
[Site "St. Petersburg RUS"]
[Date "2008.10.07"]
[Round "5.41"]
[White "Butuc, Maria"]
[Black "Pogosian, Vladimir"]
[Result "1-0"]
[WhiteElo "2159"]
[BlackElo "2320"]
[PlyCount "87"]
[EventDate "2008.10.03"]
[EventType "swiss"]
[EventRounds "9"]
[EventCountry "RUS"]
[Source "lmi"]
[SourceDate "2008.10.03"]

1. e4 e6 2. d4 d5 3. Nc3 Nf6 4. e5 Nfd7 5. f4 c5 6. Nf3 Nc6 7. Ne2 cxd4 8.
Nexd4 Nxd4 9. Nxd4 Nc5 10. Be2 Qh4+ 11. g3 Qd8 12. c3 Bd7 13. Be3 Be7 14. O-O
g6 15. Bf3 h5 16. h3 b5 17. Qc2 Rc8 18. Nb3 Na4 19. Qf2 Qc7 20. Rad1 Nb6 21.
Nd2 Qb7 22. Bd4 Na4 23. Nb3 Rc7 24. g4 hxg4 25. hxg4 Qc8 26. a3 Nc5 27. Nxc5
Bxc5 28. Kg2 Bxd4 29. Rxd4 Rc4 30. Rxc4 Qxc4 31. Qxa7 Ke7 32. Qd4 Rb8 33. Rd1
Ra8 34. Rd2 Qc8 35. Qe3 Qc7 36. Kg3 Rg8 37. Be2 Ke8 38. b3 Qa5 39. Qc5 g5 40.
f5 exf5 41. gxf5 Qa6 42. e6 fxe6 43. f6 Kd8 44. f7 1-0

[Event "Chigorin Memorial 2008"]
[Site "St. Petersburg RUS"]
[Date "2008.10.07"]
[Round "5.42"]
[White "Fedoseev, Vladimir"]
[Black "Fokin, Anatoly"]
[Result "1-0"]
[WhiteElo "2312"]
[BlackElo "1919"]
[PlyCount "65"]
[EventDate "2008.10.03"]
[EventType "swiss"]
[EventRounds "9"]
[EventCountry "RUS"]
[Source "lmi"]
[SourceDate "2008.10.03"]

1. e4 g6 2. Nc3 Bg7 3. h4 h5 4. d4 d6 5. Be3 a6 6. Bc4 Nf6 7. f3 c6 8. e5 Nfd7
9. exd6 exd6 10. Bg5 Nf6 11. Qe2+ Qe7 12. Ne4 Be6 13. Bxe6 fxe6 14. Nh3 Kf7 15.
O-O-O Nbd7 16. Rhe1 Rae8 17. Qd3 d5 18. Nxf6 Bxf6 19. Re2 Qd6 20. Rde1 c5 21.
Bxf6 Kxf6 22. dxc5 Nxc5 23. Qd4+ e5 24. Rxe5 Rxe5 25. Qf4+ Ke7 26. Qxe5+ Qxe5
27. Rxe5+ Kd6 28. Rg5 d4 29. Nf4 Kc6 30. Rxg6+ Kb5 31. Rg5 a5 32. Rxh5 Rf8 33.
Rxc5+ 1-0

[Event "Chigorin Memorial 2008"]
[Site "St. Petersburg RUS"]
[Date "2008.10.07"]
[Round "5.43"]
[White "Dushin, Nikolai"]
[Black "Kurilov, Viktor"]
[Result "0-1"]
[WhiteElo "2026"]
[BlackElo "2312"]
[PlyCount "146"]
[EventDate "2008.10.03"]
[EventType "swiss"]
[EventRounds "9"]
[EventCountry "RUS"]
[Source "lmi"]
[SourceDate "2008.10.03"]

1. d4 d5 2. c4 e6 3. Nf3 Nf6 4. Nc3 Nbd7 5. cxd5 exd5 6. Bg5 Be7 7. Qc2 c6 8.
e3 Nf8 9. Bxf6 Bxf6 10. b4 a6 11. Be2 g6 12. O-O Bf5 13. Bd3 Bxd3 14. Qxd3 Ne6
15. Rfd1 O-O 16. Rab1 Nc7 17. Na4 Nb5 18. Nc5 Qe7 19. a4 Nd6 20. a5 Bg7 21. Re1
Rfe8 22. Re2 Rad8 23. Rc1 h5 24. Rce1 Qf8 25. Nd2 Bh6 26. Nf3 Qg7 27. Ne5 Kh7
28. f4 f6 29. Nf3 Qf7 30. g3 Bf8 31. Nd2 Kg7 32. Kg2 Nf5 33. Nf3 Bd6 34. h3 Nh6
35. Nd2 Re7 36. Kf2 Rde8 37. Qc3 Bxc5 38. bxc5 Nf5 39. g4 hxg4 40. hxg4 Nh6 41.
Rg1 f5 42. gxf5 Qxf5 43. Rg5 Qh3 44. Re5 Ng4+ 45. Ke1 Nxe5 46. dxe5 Qh1+ 47.
Nf1 Qh4+ 48. Kd2 Re6 49. Qd4 Qd8 50. Qb4 R6e7 51. Kc3 Rf8 52. Nd2 d4+ 53. exd4
Rxf4 54. Re4 Rf2 55. Re3 Qd5 56. Qc4 Qg2 57. Qd3 Re6 58. Rg3 Qd5 59. Nc4 Qh1
60. Rh3 Qa1+ 61. Kb4 Rf4 62. Qc3 Qb1+ 63. Nb2 Qf1 64. Rd3 Rf2 65. Kb3 Qb1 66.
Rd2 Rf5 67. Rd3 Re8 68. Qb4 Re7 69. Qd2 Ref7 70. e6 Rf2 71. Qc3 Rxb2+ 72. Kc4
Re2 73. exf7 Qb5# 0-1

[Event "Chigorin Memorial 2008"]
[Site "St. Petersburg RUS"]
[Date "2008.10.07"]
[Round "5.44"]
[White "Donskov, Anatoly"]
[Black "Gorbatov, Alexej"]
[Result "0-1"]
[WhiteElo "2131"]
[BlackElo "2421"]
[PlyCount "152"]
[EventDate "2008.10.03"]
[EventType "swiss"]
[EventRounds "9"]
[EventCountry "RUS"]
[Source "lmi"]
[SourceDate "2008.10.03"]

1. e4 c5 2. Nf3 a6 3. Nc3 e6 4. d4 cxd4 5. Nxd4 Qc7 6. Be2 Nf6 7. O-O Bb4 8.
Qd3 O-O 9. Bg5 Be7 10. f4 d6 11. Kh1 h6 12. Bxf6 Bxf6 13. a4 Nc6 14. Nxc6 bxc6
15. a5 Rb8 16. b3 c5 17. Ra2 Rb4 18. Nb1 d5 19. Nd2 dxe4 20. Nxe4 Be7 21. Qe3
Bb7 22. Nd2 Rd4 23. Nc4 Bd6 24. Nxd6 Qxd6 25. c3 Rd5 26. Bc4 Rd1 27. Raf2 Rxf1+
28. Rxf1 Qc6 29. Qf2 Rd8 30. h3 Rd6 31. Re1 g6 32. Re2 Qc7 33. Qg3 Rd1+ 34. Kh2
Kg7 35. Qe3 g5 36. Qe5+ Qxe5 37. fxe5 h5 38. Kg3 h4+ 39. Kf2 Kf8 40. Rc2 Ke7
41. b4 cxb4 42. cxb4 Rb1 43. b5 Be4 44. Re2 axb5 45. Rxe4 bxc4 46. Rxc4 Ra1 47.
Rc7+ Kf8 48. Ra7 Kg7 49. a6 Ra5 50. Ra8 Rxe5 51. a7 Ra5 52. Kf3 Ra4 53. Ke3 Kf6
54. Kf3 Kf5 55. Ke3 e5 56. Kf3 Ra3+ 57. Kf2 Kf4 58. Ke2 e4 59. Kf2 Ra2+ 60. Ke1
f6 61. Rf8 Rxa7 62. Rxf6+ Ke3 63. Kd1 Ra1+ 64. Kc2 Ra2+ 65. Kc3 Rxg2 66. Kc4
Rh2 67. Rg6 Rxh3 68. Rxg5 Rg3 69. Rh5 h3 70. Kd5 Kd3 71. Ke5 Rf3 72. Rh8 e3 73.
Rd8+ Ke2 74. Ke4 Kf2 75. Rd1 e2 76. Rh1 Re3+ 0-1